| 000 | 00774cab a2200253 4500 | ||
|---|---|---|---|
| 001 | E2035 | ||
| 008 | 090401t1994 xxu||||| |||| 00| 0 eng d | ||
| 035 | _a(Sirsi) u37142 | ||
| 041 | _aeng | ||
| 100 | _aCollar, N. | ||
| 245 | _aEnforcement: two years on | ||
| 260 | _c1994 | ||
| 350 | _a0 | ||
| 490 |
_aScottish Planning and Environmental Law _v(42) April 1994, 20-22(3) |
||
| 520 | _aThis paper builds on a paper presented at the Planning Law Update Conference in November 1993. | ||
| 650 | _aPLANNING AND COMPENSATION ACT 1991 | ||
| 650 | _aPLANNING CONTROL | ||
| 650 | _aPLANNING ENFORCEMENT | ||
| 650 | _aSCOTLAND | ||
| 650 | _aTOWN AND COUNTRY PLANNING (SCOTLAND) ACT 1972 | ||
| 690 | _aPLANNING LAW AND PRACTICE | ||
| 942 | _n0 | ||
| 948 | _c04/03/1997 | ||
| 999 |
_c24029 _d24029 |
||